Popular Genres in Contemporary American Literature diplomová práca

Salvato in:
Dettagli Bibliografici
Autore principale: Galambová, Nikola
Ente Autore: Fakulta aplikovaných jazykov EU v Bratislave. Katedra jazykovedy a translatológie
Altri autori: Adamcová, Silvia, 1984-
Natura: Libro
Lingua:inglese
Pubblicazione: Bratislava 2019
Tags: Aggiungi Tag
Nessun Tag, puoi essere il primo ad aggiungerne!!

MARC

LEADER 00000nbm a2200000 4500
001 0253851
005 20191106104236.8
041 0 |a eng 
044 |a SK 
245 1 0 |a Popular Genres in Contemporary American Literature  |b diplomová práca  |c Nikola Galambová ; školiteľ: Silvia Adamcová 
264 1 |a Bratislava  |c 2019 
300 |a 64 s. 
100 1 |a Galambová, Nikola 
700 1 |a Adamcová, Silvia, 1984- 
710 2 |a Fakulta aplikovaných jazykov EU v Bratislave. Katedra jazykovedy a translatológie